Minjung's handy English-Korean, Korean-English dictionary = Haendi yŏnghan, hanyŏng sajŏn /

Minjung's handy English-Korean, Korean-English dictionary = 핸디 영한·한영 사전
Bibliografiset tiedot
Päätekijä: Minjungseorim
Yhteisötekijä: Minjung Sŏrim P'yŏnjipguk
Aineistotyyppi: Kirja
Kieli:Multiple
Korean
English
Julkaistu: Sŏul-si : Minjung Sŏrim, 2002.
Painos:Sixth edition.
Aiheet:
Classic Catalogue: View this record in Classic Catalogue
LEADER 01215nam a2200289 a 4500
001 00025812
003 BD-DhAAL
008 120826s2002 ko ab 000 0 mul d
020 |a 9788938704412 
040 |a BD-DhAAL  |c BD-DhAAL 
041 |a kor  |a eng 
082 0 4 |a 495.7  |2 22 
100 |a Minjungseorim.  |9 59486 
245 1 0 |6 880-01  |a Minjung's handy English-Korean, Korean-English dictionary =  |b Haendi yŏnghan, hanyŏng sajŏn /  |c Minjungseorim. 
246 2 |a Handy English-Korean dictionary 
250 |a Sixth edition. 
260 |a Sŏul-si :  |b Minjung Sŏrim,  |c 2002.  
300 |a 926 p. :  |b col. maps ;  |c 17 cm 
541 |a 0025812 
650 0 |a Korean language  |v Dictionaries.  |9 59483 
710 |a Minjung Sŏrim P'yŏnjipguk  |9 59487 
830 |v   
852 1 |a Ayesha Abed Library  |c General Stacks 
880 |6 245-01  |a Minjung's handy English-Korean, Korean-English dictionary =  |b 핸디 영한·한영 사전 
942 |2 ddc  |c BK 
999 |c 12769  |d 12769 
952 |0 0  |1 0  |2 ddc  |4 0  |6 495_700000000000000_MIN  |7 0  |9 21028  |a BRACUL  |b BRACUL  |c GEN  |d 2012-08-28  |e BIL  |g 2148.67  |l 0  |o 495.7 MIN  |p 3010025812  |r 2012-08-28  |t 1  |w 2012-08-28  |y BK